[Event "Nationale I"]
[Site "?"]
[Date "2011.10.16"]
[Round "1.2"]
[White "Stephan, Victor"]
[Black "Jolly, Jean Francois"]
[Result "0-1"]
[WhiteElo "2302"]
[BlackElo "2385"]
[PlyCount "124"]
[WhiteTeam "Sautron"]
[BlackTeam "Agneaux ST Lô"]

1. d4 Nf6 2. c4 g6 3. g3 Bg7 4. Bg2 d5 5. cxd5 Nxd5 6. Nf3 Nb6 7. O-O Nc6 8. e3
O-O 9. Nc3 Re8 10. Re1 Bg4 11. h3 Bd7 12. Qe2 a5 13. b3 a4 14. bxa4 Nxa4 15.
Nxa4 Rxa4 16. Rb1 Qa8 17. a3 Na5 18. Ne5 Bxe5 19. dxe5 Qa6 20. Qxa6 bxa6 21.
Bf1 Nc4 22. Bxc4 Rxc4 23. h4 Bc6 24. Rd1 Kg7 25. Bb2 e6 26. Rbc1 Rxc1 27. Rxc1
Bf3 28. Rxc7 Rb8 29. Rc2 h6 30. Kf1 g5 31. hxg5 hxg5 32. Ke1 Kg6 33. Bd4 Rb3
34. Ra2 Rd3 35. Ra1 Kf5 36. a4 Ke4 37. a5 Kf5 38. Bb2 Kg4 39. Bd4 Kh3 40. Bc5
Kg2 41. e4 Rc3 42. Be3 Rc2 43. Bd2 g4 44. Rc1 Ra2 45. Rc6 Ra1+ 46. Rc1 Ra4 47.
Rc5 Bxe4 48. Be3 Ra2 49. Kd1 Bd3 50. Rc7 Rxa5 51. Rxf7 Rxe5 52. Kd2 Bf5 53. Rc7
Rd5+ 54. Kc3 Rd3+ 55. Kb4 Rxe3 56. fxe3 Kxg3 57. Kc3 Kf2 58. Kd4 g3 59. e4 Bg4
60. Rf7+ Bf3 61. Rg7 g2 62. Ke5 a5 0-1

[Event "Nationale I"]
[Site "?"]
[Date "2011.10.16"]
[Round "1.3"]
[White "Amoyal, Pierre "]
[Black "Tripoteau, Nicolas"]
[Result "0-1"]
[WhiteElo "2231"]
[BlackElo "2397"]
[PlyCount "88"]
[WhiteTeam "Agneaux ST Lô"]
[BlackTeam "Sautron"]

1. d4 Nf6 2. c4 c5 3. d5 b5 4. Qc2 Na6 5. Nc3 bxc4 6. a3 Qa5 7. Bd2 d6 8. Ne4
Qb6 9. Nxf6+ exf6 10. e4 Be7 11. Bxc4 O-O 12. Ne2 f5 13. exf5 Bf6 14. Rb1 Nc7
15. O-O Re8 16. Bc3 Be5 17. b4 Ba6 18. b5 Bb7 19. Rfd1 Bxc3 20. Nxc3 Re5 21. h4
Ne8 22. Ne4 Qd8 23. Ng5 Bc8 24. g4 Nf6 25. f4 Re3 26. Qg2 h5 27. gxh5 Nxh5 28.
Qf2 Rg3+ 29. Kh2 Rg4 30. Be2 Rxf4 31. Qe1 Nf6 32. Qg3 Ra4 33. Rg1 Qf8 34. Rbf1
Bd7 35. h5 $11 Kh8 36. Ne6 fxe6 37. fxe6 Qe7 38. h6 gxh6 39. Qc3 Rh4+ 40. Kg3
Rd4 41. Qe3 Nh5+ 42. Bxh5 Qh4+ 43. Kf3 Qxh5+ 44. Kf2 Rf8+ 0-1

[Event "Nationale I"]
[Site "?"]
[Date "2011.10.16"]
[Round "1.4"]
[White "Barbot, Pierre"]
[Black "Bouget, Alexandre"]
[Result "1-0"]
[WhiteElo "2225"]
[BlackElo "2170"]
[PlyCount "101"]
[EventDate "2011.10.16"]
[WhiteTeam "Sautron"]
[BlackTeam "Agneaux ST Lô"]

1. e4 e5 2. d4 exd4 3. Nf3 Nc6 4. Nxd4 Nf6 5. Nxc6 bxc6 6. e5 Qe7 7. Qe2 Nd5 8.
c4 Nb6 9. Nc3 Qe6 10. Qe4 g6 11. Bd3 Bg7 12. f4 O-O 13. O-O Ba6 14. b3 d5 15.
cxd5 cxd5 16. Qe2 Bxd3 17. Qxd3 f6 18. Ba3 Rf7 19. exf6 Qxf6 20. Rac1 Qd4+ 21.
Qxd4 Bxd4+ 22. Kh1 Be3 23. Rcd1 Rxf4 24. Rxf4 Bxf4 25. Nxd5 Nxd5 26. Rxd5 Re8
27. g3 Bd6 28. Bxd6 cxd6 29. Ra5 Re7 30. Kg2 Kf7 31. Kf3 Ke6 32. Kf4 Rf7+ 33.
Ke4 Rb7 $11 34. Ra4 Rc7 35. Kd4 Rf7 36. h4 h6 37. b4 Rc7 38. Ra6 Rb7 39. a3 Kd7
40. Kd5 Rb5+ 41. Kc4 Rb7 42. a4 Ke6 43. b5 Ke5 44. a5 d5+ 45. Kc5 d4 46. b6
axb6+ 47. axb6 d3 48. Kc6 Rf7 49. b7 Rf6+ 50. Kb5 Rxa6 51. b8=Q+ 1-0

[Event "Nationale I"]
[Site "?"]
[Date "2011.10.16"]
[Round "1.6"]
[White "Sorin, Baptiste"]
[Black "Auvray, Simon"]
[Result "1-0"]
[WhiteElo "2216"]
[BlackElo "2015"]
[PlyCount "99"]
[EventDate "2011.10.16"]
[WhiteTeam "Sautron"]
[BlackTeam "Agneaux ST Lô"]

1. e4 c5 2. Nf3 e6 3. d4 cxd4 4. Nxd4 Nc6 5. Nc3 a6 6. a3 Qc7 7. Be2 Nf6 8. O-O
Nxd4 9. Qxd4 Bc5 10. Qd3 b5 11. Bg5 Qe5 12. Be3 Bb7 13. f4 Qc7 14. Kh1 O-O 15.
Bf3 Bxe3 16. Qxe3 d6 17. Rad1 Rfd8 18. Rd2 Rd7 19. Rfd1 Rad8 20. Kg1 Qc5 21.
Kf2 Kf8 22. g4 Ke7 23. g5 Ne8 24. f5 Qxe3+ 25. Kxe3 Nc7 26. f6+ gxf6 27. gxf6+
Kxf6 28. e5+ Kxe5 29. Bxb7 d5 30. Ne4 f5 31. Nc5 f4+ 32. Kf3 Rd6 33. Nd3+ Kf5
34. Nxf4 (34. Re1) 34... Rb6 35. Bxd5 exd5 36. Nxd5 Rxd5 37. Rxd5+ Nxd5 38.
Rxd5+ Kg6 39. Kg4 Re6 40. Rd2 Re4+ 41. Kf3 Re6 42. c3 Kg5 43. b3 Rh6 44. Ke4
Rh3 45. Rc2 h5 46. a4 Rh4+ 47. Ke5 Rh3 48. c4 b4 49. Rb2 Rc3 50. Kd6 1-0

[Event "Nationale I"]
[Site "?"]
[Date "2011.10.16"]
[Round "1.5"]
[White "Ozenne, Corentin"]
[Black "Delorme, Axel"]
[Result "0-1"]
[WhiteElo "2015"]
[BlackElo "2306"]
[PlyCount "81"]
[EventDate "2011.10.16"]
[WhiteTeam "Agneaux ST Lô"]
[BlackTeam "Sautron"]

1. d4 Nf6 2. c4 e6 3. Nf3 d5 4. Nc3 Be7 5. Bf4 O-O 6. e3 b6 7. cxd5 Nxd5 8. Bg3
c5 9. Bd3 Bb7 10. O-O Nc6 11. Rc1 cxd4 12. exd4 Rc8 13. Re1 g6 14. h4 Nf6 15.
Bb1 Nb4 16. Ng5 Nh5 17. Nxh7 Kxh7 18. Qxh5+ Kg7 19. Be5+ Bf6 20. Qg5 Bxe5 21.
Qxe5+ Qf6 22. Qxf6+ Kxf6 23. a3 Nd5 24. Ne4+ Ke7 25. g3 Rfd8 26. Kh2 Rd7 27.
Rxc8 Bxc8 28. g4 Rd8 29. Kg3 f5 30. Nd2 Nf6 31. gxf5 Rxd4 32. Nb3 Rg4+ 33. Kh3
gxf5 34. Rc1 Ba6 35. Nd2 Nd5 36. Nf3 Nf4+ 37. Kh2 Rg2+ 38. Kh1 Rxf2 39. Ng5
Rxb2 40. Bc2 Bb7+ 41. Kh2 0-1

[Event "Nationale I"]
[Site "?"]
[Date "2011.10.16"]
[Round "1.7"]
[White "Bollard, Maxime"]
[Black "Gallant, Aurelien"]
[Result "1-0"]
[WhiteElo "1998"]
[BlackElo "2011"]
[PlyCount "98"]
[EventDate "2011.10.16"]
[WhiteTeam "Agneaux ST Lô"]
[BlackTeam "Sautron"]

1. d4 d5 2. c4 e6 3. Nc3 Nf6 4. cxd5 exd5 5. Bg5 Be7 6. e3 h6 7. Bh4 c6 8. Bd3
O-O 9. Qc2 Re8 10. Nf3 Nbd7 11. O-O-O b5 12. Rdg1 b4 13. Ne2 c5 14. Kb1 c4 15.
Bf5 Qa5 16. Nc1 Nb6 17. Ne5 Qb5 18. g4 Ne4 19. Bxe7 Bxf5 20. gxf5 Rxe7 21. f3
Ng5 22. f6 gxf6 23. h4 b3 24. axb3 cxb3 25. Qf5 Rxe5 26. dxe5 Nc4 27. Qd3 Rc8
28. Rd1 Nxf3 29. exf6 Qa4 30. Nxb3 Qxb3 31. Qxb3 Nfd2+ 32. Ka2 Nxb3 33. Kxb3
Nxe3 34. Rd3 Rb8+ 35. Ka2 Nc4 36. Rh2 Rb6 37. Rxd5 Rxf6 38. Rd8+ Kg7 39. Rg2+
Rg6 40. Rxg6+ Kxg6 41. Ra8 Ne5 42. Rxa7 f5 43. Kb3 Nf3 44. Kc3 Kh5 45. b4 Kxh4
46. b5 Ng5 47. b6 Ne4+ 48. Kd4 Nd6 49. Kd5 Nc8 1-0

[Event "Nationale I"]
[Site "?"]
[Date "2011.10.16"]
[Round "1.8"]
[White "Marchadour, Claire"]
[Black "Auvray, Juliette"]
[Result "0-1"]
[WhiteElo "2004"]
[BlackElo "1978"]
[PlyCount "64"]
[EventDate "2011.10.16"]
[WhiteTeam "Sautron"]
[BlackTeam "Agneaux ST Lô"]

1. e4 c5 2. Nf3 e6 3. d4 cxd4 4. Nxd4 a6 5. Bd3 Bc5 6. Nb3 Be7 7. O-O Qc7 8.
Qg4 g6 9. c4 d6 10. Nc3 Nd7 11. f4 Ngf6 12. Qg3 O-O 13. Be3 b6 14. Rad1 Bb7 15.
Nd2 Rad8 16. h3 Nc5 17. Bb1 Qb8 18. f5 exf5 19. exf5 Nh5 20. Qf2 d5 21. Bh6 Bd6
22. Nf3 Ne4 23. Nxe4 dxe4 24. Bxf8 Rxf8 25. g4 Nf4 26. Qxb6 exf3 27. Rf2 Nxh3+
28. Kf1 Nxf2 29. Kxf2 Bg3+ 30. Kf1 f2 31. Qf6 Re8 32. fxg6 Re1+ 0-1

[Event "Nationale I"]
[Site "?"]
[Date "2011.10.16"]
[Round "1.1"]
[White "Roser, Kevin"]
[Black "Lagarde, Maxime"]
[Result "1-0"]
[WhiteElo "2444"]
[BlackElo "2452"]
[PlyCount "81"]
[EventDate "2011.10.16"]
[EventCountry "FRA"]
[WhiteTeam "Issy les Moulineaux"]
[BlackTeam "Clichy"]

1. e4 c5 2. Nf3 e6 3. d4 cxd4 4. Nxd4 Nf6 5. Nc3 d6 6. Be3 a6 7. a4 Be7 8. Be2
O-O 9. f4 Nc6 10. O-O Bd7 11. Nb3 b6 12. Bf3 Qc7 13. g4 Bc8 14. g5 Nd7 15. Bg2
Re8 16. Rf3 Bb7 17. Rh3 Nb4 18. Qd2 Bf8 19. Rf1 g6 20. Qf2 Bg7 21. f5 exf5 22.
exf5 Bxg2 23. Kxg2 gxf5 24. Qh4 Nxc2 25. Qxh7+ Kf8 26. Qxf5 Nxe3+ 27. Rxe3 Nc5
28. Nxc5 dxc5 29. Ref3 Kg8 30. Qxf7+ Qxf7 31. Rxf7 Rad8 32. h4 Rd4 33. Kh3 Rb4
34. Nd5 Rxb2 35. Ne7+ Kh8 36. h5 Rb3+ 37. Kg4 Re3 38. Nf5 R3e4+ 39. Kh3 Be5 40.
g6 Bf4 41. Rh7+ 1-0

[Event "Nationale I"]
[Site "?"]
[Date "2011.10.16"]
[Round "1.2"]
[White "Mullon, Jean Baptiste"]
[Black "Cotonnec, Melkior"]
[Result "1/2-1/2"]
[WhiteElo "2379"]
[BlackElo "2314"]
[PlyCount "91"]
[EventDate "2011.10.16"]
[EventCountry "FRA"]
[WhiteTeam "Clichy"]
[BlackTeam "Issy les Moulineaux"]

1. e4 c5 2. Nf3 g6 3. d4 cxd4 4. Qxd4 Nf6 5. e5 Nc6 6. Qa4 Nd5 7. Qe4 Nb6 8.
Nc3 d5 9. exd6 Bf5 10. Qh4 Qxd6 11. Bb5 Bg7 12. O-O O-O-O 13. Be3 Qb4 14. Qxb4
Nxb4 15. Ng5 Rdf8 16. Bc5 Nc6 17. Rfe1 h6 18. Nge4 Re8 19. a4 Kb8 20. a5 Nc8
21. a6 Rd8 22. axb7 Kxb7 23. Be3 Nd4 24. Bd3 Kb8 25. Ra5 Rhe8 26. Rea1 e6 27.
f3 g5 28. R1a4 Re7 29. Ne2 Nxe2+ 30. Bxe2 Rb7 31. b3 Rd5 32. Ba6 Rxa5 33. Rxa5
Rc7 34. Rb5+ Ka8 35. c4 Bxe4 36. fxe4 Nd6 37. Ra5 Nxe4 38. Bb5 Kb8 39. g4 Bc3
40. Ra2 f5 41. Ra6 f4 42. Rxe6 fxe3 43. Rxe4 Rf7 44. c5 Rc7 45. c6 a6 46. Bxa6
$11 1/2-1/2

[Event "Nationale I"]
[Site "?"]
[Date "2011.10.16"]
[Round "1.3"]
[White "Piankov, Evgenij"]
[Black "Sorbe, Stephane"]
[Result "1/2-1/2"]
[WhiteElo "2348"]
[BlackElo "2368"]
[PlyCount "100"]
[EventDate "2011.10.16"]
[EventCountry "FRA"]
[WhiteTeam "Issy les Moulineaux"]
[BlackTeam "Clichy"]

1. d4 d5 2. Bg5 c6 3. Nf3 Qb6 4. b3 Bf5 5. e3 e6 6. Bd3 Bg6 7. O-O Nd7 8. c4
Ngf6 9. Bxg6 hxg6 10. Nc3 Qa5 11. Qd3 Bb4 12. Rfc1 Qa3 13. Bf4 O-O 14. Ne5 Rad8
15. Nxd7 Rxd7 16. Be5 Rfd8 17. cxd5 Bxc3 18. Qxc3 Ne4 19. Qd3 exd5 20. Rc2 Re8
21. Qd1 Rde7 22. Bf4 Re6 23. Qc1 Qe7 24. Qd1 Qh4 25. h3 g5 26. Bh2 f5 27. Qf3
Rf8 28. Bg3 Nxg3 29. fxg3 Qe4 30. Rc3 f4 31. Rf1 Rff6 32. gxf4 gxf4 33. Qxe4
Rxe4 34. exf4 Rexf4 35. Rxf4 Rxf4 36. Rd3 Re4 37. Kf2 Kf7 38. b4 Kf6 39. a4 Kf5
40. b5 cxb5 41. axb5 a5 42. bxa6 bxa6 43. Ra3 Rxd4 44. Rxa6 Rd2+ 45. Kf3 Rd3+
46. Kf2 Rb3 47. Rd6 Rb2+ 48. Kf3 Rb3+ 49. Ke2 Rb2+ 50. Kf3 Rb3+ 1/2-1/2

[Event "Nationale I"]
[Site "?"]
[Date "2011.10.16"]
[Round "1.4"]
[White "Silva, Sebastian"]
[Black "Houhou, Olivier"]
[Result "1-0"]
[WhiteElo "2320"]
[BlackElo "2296"]
[PlyCount "105"]
[EventDate "2011.10.16"]
[EventCountry "FRA"]
[WhiteTeam "Clichy"]
[BlackTeam "Issy les Moulineaux"]

1. d4 Nf6 2. Nf3 g6 3. Nc3 d5 4. Bf4 Bg7 5. e3 O-O 6. Be2 c5 7. Ne5 b6 8. g4
Bb7 9. h4 Nfd7 10. Rh3 Nxe5 11. Bxe5 f6 12. Bg3 e5 13. Qd2 a6 14. dxc5 Rf7 15.
e4 d4 16. Bc4 bxc5 17. f3 Nd7 18. Ne2 a5 19. Kf2 Nb6 20. Bxf7+ Kxf7 21. Rhh1
Nc4 22. Qd3 Ba6 23. b3 Ne3 24. c4 h5 25. gxh5 gxh5 26. Nc3 Bh6 27. Nd5 Ra7 28.
Rhg1 Qh8 29. Ke2 Bc8 30. Nxe3 Bxe3 31. Bf2 Bf4 32. Be1 Be3 33. Bf2 Bf4 34. a4
Qh7 35. Be1 Be3 36. Rg2 f5 37. Bd2 fxe4 38. Qxe4 Qxe4 39. fxe4 Bg4+ 40. Kd3
Bxd2 41. Rxd2 Ke7 42. Rf2 Ra8 43. Raf1 Be6 44. Rg1 Bg4 45. Kc2 Rh8 46. Kb2 Rb8
47. Ka3 Rh8 48. Rgf1 Be6 49. Rf6 Rg8 50. Rh6 Rg3 51. Rh7+ Ke8 52. Rf6 Bg8 53.
Ra7 1-0

[Event "Nationale I"]
[Site "?"]
[Date "2011.10.16"]
[Round "1.5"]
[White "Emmenecker, Philippe"]
[Black "Daurelle, Herve"]
[Result "1-0"]
[WhiteElo "2209"]
[BlackElo "2209"]
[PlyCount "79"]
[EventDate "2011.10.16"]
[EventCountry "FRA"]
[WhiteTeam "Issy les Moulineaux"]
[BlackTeam "Clichy"]

1. d4 Nf6 2. c4 e6 3. Nf3 c5 4. d5 exd5 5. cxd5 d6 6. Nc3 g6 7. Bf4 Bg7 8. Qa4+
Bd7 9. Qb3 b5 10. e3 b4 11. Nb5 Bxb5 12. Bxb5+ Nbd7 13. Bxd6 Ne4 14. Be5 O-O
15. Bxg7 Kxg7 16. O-O Ndf6 17. Rad1 Qc7 18. Qc2 Rad8 19. Bc6 Qa5 20. Ne5 Qc7
21. f4 Qe7 22. g4 h6 23. Rf3 g5 24. h3 a5 25. Rdf1 gxf4 26. exf4 Nd6 27. Re1 c4
28. Kg2 Qa7 29. g5 Ng8 30. Rg3 h5 31. f5 Nxf5 32. Qxf5 Qd4 33. Qf2 Rxd5 34.
Bxd5 Qxd5+ 35. Qf3 Qe6 36. Qxh5 c3 37. bxc3 Rd8 38. Re2 bxc3 39. Rxc3 Rd1 40.
Rf3 1-0

[Event "Nationale I"]
[Site "?"]
[Date "2011.10.16"]
[Round "1.6"]
[White "Olivier, Pierre"]
[Black "Wittmann, Marc"]
[Result "1-0"]
[WhiteElo "2215"]
[BlackElo "2231"]
[PlyCount "79"]
[EventDate "2011.10.16"]
[EventCountry "FRA"]
[WhiteTeam "Clichy"]
[BlackTeam "Issy les Moulineaux"]

1. Nf3 Nf6 2. c4 g6 3. Nc3 Bg7 4. e4 d6 5. d4 O-O 6. Be2 Bg4 7. Be3 Nfd7 8. Rc1
c5 9. d5 Na6 10. Qd2 Re8 11. Bh6 Bh8 12. Ng5 Bxe2 13. Nxe2 Nc7 14. h4 e6 15. h5
exd5 16. hxg6 hxg6 17. cxd5 Qe7 18. f3 Ne5 19. Kf1 f6 20. Nh3 Bg7 21. Nf2 Bxh6
22. Qxh6 Qg7 23. Qh3 Re7 24. f4 Nf7 25. Ng3 Rae8 26. f5 Ng5 27. Qg4 Re5 28. b4
b6 29. bxc5 bxc5 30. Rb1 Na6 31. a3 c4 32. fxg6 Nc5 33. Nf5 Qxg6 34. Rh6 Qf7
35. Qh4 Nh7 36. Nxd6 Qg7 37. Nxe8 Rxe8 38. Qh5 Re5 39. Rb8+ Nf8 40. Rh8+ 1-0

[Event "Nationale I"]
[Site "?"]
[Date "2011.10.16"]
[Round "1.7"]
[White "Geffroy, Laurent"]
[Black "Coste, Thierry"]
[Result "1-0"]
[WhiteElo "2227"]
[BlackElo "2176"]
[PlyCount "81"]
[EventDate "2011.10.16"]
[EventCountry "FRA"]
[WhiteTeam "Issy les Moulineaux"]
[BlackTeam "Clichy"]

1. d4 Nf6 2. Bg5 c6 3. Bxf6 exf6 4. c4 Bb4+ 5. Nd2 O-O 6. e3 d6 7. Bd3 Re8 8.
Qc2 f5 9. Ne2 Na6 10. O-O-O Qa5 11. a3 Bxd2+ 12. Qxd2 Qxd2+ 13. Kxd2 Nc7 $11
14. Nc3 Bd7 15. b4 g6 16. Rb1 Kg7 17. g3 b5 18. a4 a6 19. Ra1 a5 20. axb5 axb4
21. Na4 cxb5 22. Nb6 Rxa1 23. Rxa1 bxc4 24. Bxc4 d5 25. Bxd5 Nxd5 26. Nxd5 Rb8
27. Rb1 b3 28. Nf4 Bc6 29. Kc3 g5 30. Nd3 Bd5 31. Nc5 Rc8 32. Ra1 h6 33. Kb2
Rb8 34. Ra5 Bc4 35. Ra3 g4 36. Nxb3 Kf6 37. Kc3 Rxb3+ 38. Rxb3 Bxb3 39. Kxb3
Ke6 40. Kc4 Kd6 41. d5 1-0

[Event "Nationale I"]
[Site "?"]
[Date "2011.10.16"]
[Round "1.8"]
[White "Bonvalot, Isabelle"]
[Black "Esposito, Marie Christine"]
[Result "1-0"]
[WhiteElo "1912"]
[BlackElo "2111"]
[PlyCount "77"]
[EventDate "2011.10.16"]
[EventCountry "FRA"]
[WhiteTeam "Clichy"]
[BlackTeam "Issy les Moulineaux"]

1. e4 d6 2. d4 Nf6 3. f3 Nbd7 4. Be3 e5 5. Ne2 Be7 6. Nbc3 c6 7. Qd2 Qc7 8.
O-O-O b5 9. g4 b4 10. Nb1 a5 11. Ng3 exd4 12. Bxd4 Ne5 13. Bxe5 dxe5 14. g5 Ng8
15. Bc4 Be6 16. Bxe6 fxe6 17. h4 Bc5 18. Qe2 Bd4 19. Qc4 Ke7 20. Nd2 Qb6 21. f4
exf4 22. Nh5 Be3 23. Nxg7 c5 24. Kb1 Qa6 25. Nh5 Bxd2 26. Qxa6 Rxa6 27. Rxd2 h6
28. Nxf4 e5 29. Nd5+ Kf7 30. Rf2+ Kg6 31. h5+ Kg7 32. gxh6+ Kxh6 33. Rg2 Kh7
34. Rhg1 Nf6 35. Rg7+ Kh6 36. R7g6+ Kxh5 37. Nxf6+ Rxf6 38. Rxf6 Rd8 39. Rf2
1-0

[Event "Nationale I"]
[Site "?"]
[Date "2011.10.16"]
[Round "1.1"]
[White "Pap, Misa"]
[Black "Dieu, Bruno"]
[Result "1-0"]
[WhiteElo "2512"]
[BlackElo "2288"]
[PlyCount "58"]
[EventDate "2011.10.16"]
[EventCountry "FRA"]
[WhiteTeam "La Membrolle /Choisille"]
[BlackTeam "Tours"]

1. e4 e6 2. d4 d5 3. Nd2 Nf6 4. e5 Ne4 5. Bd3 c5 6. c3 Nxd2 7. Bxd2 Qb6 8. Nf3
c4 9. Bc2 Qxb2 10. O-O h6 11. a4 Qb6 12. Nh4 g5 13. Nf3 Nc6 14. h4 g4 15. Ne1
h5 16. f3 g3 17. f4 Be7 18. Nf3 Bd7 19. Ng5 Na5 20. Ra2 Nb3 21. Be3 Rc8 22. Qf3
Qa5 23. Qxg3 Qxc3 24. Nxf7 Nxd4 25. Bg6 Rf8 26. Nd6+ Kd8 27. Qf2 Bxd6 28. exd6
e5 29. fxe5 Be6 1-0

[Event "Nationale I"]
[Site "?"]
[Date "2011.10.16"]
[Round "1.2"]
[White "Salaun, Yann"]
[Black "Kizov, Atanas"]
[Result "1/2-1/2"]
[WhiteElo "2322"]
[BlackElo "2406"]
[PlyCount "49"]
[EventDate "2011.10.16"]
[EventCountry "FRA"]
[WhiteTeam "Tours"]
[BlackTeam "La Membrolle /Choisille"]

1. e4 d6 2. d4 Nf6 3. Nc3 e5 4. Nf3 Nbd7 5. g3 c6 6. a4 b6 7. Bg2 Ba6 8. Be3
Be7 9. Nh4 g6 10. f4 exf4 11. Bxf4 Nh5 12. Nf3 Nxf4 13. gxf4 Bh4+ 14. Kd2 Qf6
15. Ke3 O-O 16. e5 Qe7 17. Nxh4 Qxh4 18. Bxc6 dxe5 19. dxe5 Nxe5 20. fxe5 Qg5+
21. Kf2 Qh4+ 22. Kg2 Qg5+ 23. Kf2 Qh4+ 24. Kg2 Qg5+ 25. Kf2 1/2-1/2

[Event "Nationale I"]
[Site "?"]
[Date "2011.10.16"]
[Round "1.3"]
[White "Saucey, Michel"]
[Black "Giacomini, Hector"]
[Result "1-0"]
[WhiteElo "2256"]
[BlackElo "2289"]
[PlyCount "61"]
[EventDate "2011.10.16"]
[EventCountry "FRA"]
[WhiteTeam "La Membrolle /Choisille"]
[BlackTeam "Tours"]

1. d4 d5 2. c4 e6 3. Nc3 Nf6 4. Nf3 Nbd7 5. e3 Be7 6. b3 c5 7. Bd3 cxd4 8. exd4
dxc4 9. bxc4 Bb4 10. Bb2 Qa5 11. Qb3 b5 12. O-O bxc4 13. Bxc4 Nb6 14. Ne5 Bd7
15. d5 Nxc4 16. Nxc4 Qc5 17. Na4 Qe7 18. d6 Bxd6 19. Nxd6+ Qxd6 20. Ba3 Bxa4
21. Qxa4+ Qd7 22. Qa5 Nd5 23. Rab1 a6 24. Rb3 Rc8 25. Qxa6 f6 26. Rb7 Nc7 27.
Qb6 Nd5 28. Rxd7 Nxb6 29. Re7+ Kd8 30. Rd1+ Nd5 31. Rxe6 1-0

[Event "Nationale I"]
[Site "?"]
[Date "2011.10.16"]
[Round "1.4"]
[White "Heurtebize, Olivier"]
[Black "Loiret, Stanislas"]
[Result "1-0"]
[WhiteElo "2270"]
[BlackElo "2272"]
[PlyCount "117"]
[EventDate "2011.10.16"]
[EventCountry "FRA"]
[WhiteTeam "Tours"]
[BlackTeam "La Membrolle /Choisille"]

1. d4 Nf6 2. c4 e6 3. Nf3 c5 4. d5 exd5 5. cxd5 d6 6. Nc3 g6 7. g3 Bg7 8. Bg2
O-O 9. O-O Bg4 10. Nd2 Qd7 11. Re1 b5 12. a4 b4 13. Ncb1 Bh3 14. Bh1 Na6 15.
Nc4 Nc7 16. Bf4 Nce8 17. e4 Nh5 18. Bc1 f5 19. e5 dxe5 20. Nxe5 Bxe5 21. Rxe5
Nd6 22. Nd2 f4 23. b3 fxg3 24. hxg3 Rf7 25. Bf3 Raf8 26. Bxh5 Rxf2 27. Bf3
R2xf3 28. Nxf3 Qg4 29. Kf2 Rxf3+ 30. Qxf3 Qd4+ 31. Qe3 Qxa1 32. Kg1 Nf5 33.
Re8+ Kg7 34. Qe5+ Qxe5 35. Rxe5 Nd4 36. Re3 Kf7 37. Bb2 Nf5 38. Re1 h5 39. Kf2
Bg4 40. Be5 a6 41. Rc1 Nd4 42. Rxc5 Nxb3 43. Rc7+ Ke8 44. Ke3 Bd7 45. Ra7 a5
46. Bc7 Bxa4 47. Bxa5 Nxa5 48. Rxa5 Bc2 49. Kf4 b3 50. Rb5 Kd7 51. Ke5 g5 52.
d6 Kc6 53. Rb4 Bd1 54. Ke6 Kc5 55. d7 Kxb4 56. d8=Q Bg4+ 57. Ke5 b2 58. Qd3 Be2
59. Qc2 1-0

[Event "Nationale I"]
[Site "?"]
[Date "2011.10.16"]
[Round "1.5"]
[White "Careil, Jerome"]
[Black "Gaborit, Jean Pierre"]
[Result "1/2-1/2"]
[WhiteElo "2079"]
[BlackElo "2222"]
[PlyCount "80"]
[EventDate "2011.10.16"]
[EventCountry "FRA"]
[WhiteTeam "La Membrolle /Choisille"]
[BlackTeam "Tours"]

1. g3 Nf6 2. Bg2 d5 3. d3 g6 4. Nf3 Bg7 5. Nbd2 O-O 6. O-O c5 7. c4 d4 8. Rb1
Nc6 9. a3 a5 10. Ng5 h6 11. Nge4 Nd7 12. b4 cxb4 13. axb4 Nxb4 14. Nb3 Qc7 15.
Ba3 Nc6 16. Nbc5 b6 17. Nxd7 Bxd7 18. c5 b5 19. Rxb5 Rab8 20. Rb6 Nb4 21. Rxb8
Rxb8 22. Qc1 Bc6 23. Qc4 Qb7 24. Bxb4 axb4 25. Rb1 Kf8 26. Bf3 Qb5 27. Qxb5
Rxb5 28. Nd6 exd6 $11 29. Bxc6 Rxc5 30. Ba4 Rc7 31. Rxb4 f5 32. Rb8+ Ke7 33.
Kg2 g5 34. f4 Ra7 35. Bc6 gxf4 36. gxf4 Ra2 37. Rb7+ Kf6 38. Bf3 Kg6 39. Rb6
Bf8 40. Rb4 Bg7 1/2-1/2

[Event "Nationale I"]
[Site "?"]
[Date "2011.10.16"]
[Round "1.6"]
[White "Carvallo, Henri"]
[Black "Egreteau, Eric"]
[Result "1-0"]
[WhiteElo "2160"]
[BlackElo "2106"]
[PlyCount "75"]
[EventDate "2011.10.16"]
[EventCountry "FRA"]
[WhiteTeam "Tours"]
[BlackTeam "La Membrolle /Choisille"]

1. d4 Nf6 2. Bf4 d6 3. Nf3 c6 4. e3 Nh5 5. Bg5 h6 6. Bh4 g5 7. Bg3 Ng7 8. Nfd2
Nf5 9. Bd3 Nxg3 10. hxg3 Bg7 11. c3 Nd7 12. Nf3 Qb6 13. Qc2 Nf6 14. Nbd2 Bd7
15. e4 c5 16. Nc4 Qc7 17. Ne3 cxd4 18. Nxd4 e6 19. Nb5 Qb8 20. O-O-O a6 21. Nd4
b5 22. Be2 b4 23. c4 Qb6 24. Kb1 Rc8 25. Qd3 Ke7 26. f4 gxf4 27. gxf4 Rhd8 28.
g4 Ba4 29. b3 Be8 30. g5 hxg5 31. fxg5 Nd7 32. Ndf5+ Kf8 33. Nxg7 Kxg7 34. Nd5
exd5 35. exd5 f6 36. Qh3 Nf8 37. Qh6+ Kf7 38. Qxf6+ 1-0

[Event "Nationale I"]
[Site "?"]
[Date "2011.10.16"]
[Round "1.7"]
[White "Vilain, Thomas"]
[Black "Salles, Louis"]
[Result "1/2-1/2"]
[WhiteElo "1850"]
[BlackElo "2036"]
[PlyCount "91"]
[EventDate "2011.10.16"]
[EventCountry "FRA"]
[WhiteTeam "La Membrolle /Choisille"]
[BlackTeam "Tours"]

1. e4 c5 2. c3 d5 3. exd5 Qxd5 4. d4 Nf6 5. Nf3 e6 6. Be2 cxd4 7. cxd4 Be7 8.
Nc3 Qd8 9. O-O O-O 10. Qb3 Nc6 11. Rd1 Na5 12. Qb5 Bd7 13. Qd3 Bc6 14. Ne5 Bd5
15. Nxd5 Nxd5 16. Qh3 Bg5 17. Bd3 g6 18. Qg3 Bxc1 19. Raxc1 Qe7 20. h4 f6 21.
Nf3 Nc6 22. Rc5 Rad8 23. Rdc1 Qd6 24. Qg4 Nf4 25. Bc4 Kh8 26. Bf1 Nd5 27. Qe4
Rfe8 28. Bb5 Rc8 29. a3 a6 30. Ba4 b5 31. Bb3 Nce7 32. Rxc8 Rxc8 33. Rxc8+ Nxc8
34. h5 Nce7 35. hxg6 hxg6 36. Nh4 Kg7 37. Bc2 Qf4 38. Qxf4 Nxf4 39. Nf3 $11 Nc6
40. Kf1 g5 41. g3 Nd5 42. g4 Nf4 43. Be4 Ne7 44. b4 Ned5 45. Nd2 Kf7 46. Nb3
1/2-1/2

[Event "Nationale I"]
[Site "?"]
[Date "2011.10.16"]
[Round "1.8"]
[White "Duval, Claire"]
[Black "Gennesseaux, Gabrielle"]
[Result "1/2-1/2"]
[WhiteElo "1698"]
[BlackElo "1693"]
[PlyCount "93"]
[EventDate "2011.10.16"]
[EventCountry "FRA"]
[WhiteTeam "Tours"]
[BlackTeam "La Membrolle /Choisille"]

1. d4 d5 2. c4 e6 3. Nc3 Be7 4. cxd5 exd5 5. Bf4 c6 6. Qc2 Nf6 7. e3 O-O 8. Bd3
Nbd7 9. Nge2 Re8 10. O-O Nf8 11. Rad1 Ng6 12. Bg5 Ne4 13. Bxe7 Qxe7 14. Bxe4
dxe4 15. d5 Bg4 16. dxc6 bxc6 17. Rd4 f5 18. Ng3 Nh4 19. Nce2 Bf3 20. gxf3
Nxf3+ 21. Kg2 Nxd4 22. Nxd4 Qg5 23. Kh1 f4 24. Nxe4 Qd5 25. f3 fxe3 26. Rd1
Rad8 27. Nc3 Qh5 28. Qe2 c5 29. Nc2 Rd2 30. Rxd2 exd2 31. Qxd2 Qxf3+ 32. Qg2
Qxg2+ 33. Kxg2 Rb8 34. Na4 c4 35. Kf2 c3 36. bxc3 Kf7 37. Ke3 Rd8 38. Nd4 Rd5
39. c4 Ra5 40. Nc3 Rh5 41. Nf3 Rc5 42. Kd4 Rf5 43. Ke4 Rc5 44. Ne5+ Ke6 45. Nd5
g6 $11 46. Ng4 Kd6 47. Nde3 1/2-1/2

[Event "Nationale I"]
[Site "?"]
[Date "2011.10.16"]
[Round "1.1"]
[White "Jablonski, Noham"]
[Black "Colin, Vincent"]
[Result "1-0"]
[WhiteElo "2286"]
[BlackElo "2411"]
[PlyCount "73"]
[EventDate "2011.10.16"]
[EventCountry "FRA"]
[WhiteTeam "JEEN"]
[BlackTeam "Lisieux"]

1. e4 c5 2. Nf3 Nc6 3. Bb5 d6 4. d4 cxd4 5. Nxd4 Bd7 6. O-O Nf6 7. Re1 g6 8.
Nb3 Bg7 9. Nc3 Bg4 10. f3 Be6 11. Bg5 O-O 12. Kh1 Rc8 13. Qd2 Ne5 14. Nd4 Bd7
15. f4 Nc4 16. Bxc4 Rxc4 17. e5 dxe5 18. fxe5 Ng4 19. Nd5 f6 20. exf6 exf6 21.
Bh4 Bc6 22. Ne7+ Kh8 23. Nexc6 bxc6 24. c3 c5 25. Qe2 Ne5 26. Nc6 Qd5 27. Nxe5
Rxh4 28. Nf3 Rf4 29. b3 Qh5 30. Rad1 f5 31. Qe3 g5 32. Rd7 Re4 33. Qxc5 Rxe1+
34. Nxe1 Qe2 35. Nf3 g4 36. Ng1 f4 37. Nxe2 1-0